• 首页
  • 本馆介绍
  • 公告通知
  • 最新文献
  • 馆藏检索
  • 电子资源
  • 读者导购
  • 参考咨询
  • 我的图书馆
  • 登录
  • 详细信息显示
  • 放入我的书架
  • 预约/预借图书
  • 作者相关作品
  • 分类相关作品
  • 丛书相关作品
  • 出版社相关作品

书目信息

  • 表格格式
  • 工作单格式
  • 卡片格式
题名:
分子材料
    
 
作者: 游效曾 著
分册:  
出版信息: 北京   科学出版社  2014.07
页数: 612页
开本: 26cm
丛书名:
单 册:
中图分类: TN204
科图分类:
主题词: 光电材料--功能材料 , 光电材料 , 功能材料
电子资源:
ISBN: 978-7-03-041234-8
000 01321nam0 2200313 450
001 0120141365100
005 20170418143203.45
010    @a978-7-03-041234-8@dCNY180.00
100    @a20140822d2014 em y0chiy0110 ea
101 0  @achi
102    @aCN@b110000
105    @ay z 001yy
106    @ar
200 1  @a分子材料@9fen zi cai liao@e光电功能化合物@f游效曾著
205    @a2版
210    @a北京@c科学出版社@d2014.07
215    @a612页@d26cm
300    @a中国科学院科学出版基金资助出版
312    @a封面英文题名:Molecular-based materials opto-electronic functional compounds
330    @a本书着重从合成化学,凝聚态物理、材料和分子生物学科相互渗透的观点,结合我们的科研和教学基础,深入浅出地对当前高新技术的光、电、磁、热等物理功能的分子材料,分章进行介绍,其中包括分子材料的物理方法、分子光电材料的制备、分子导体、分子磁体、介电性和介磁性;非线性光学、热致变色、电致变色、光致变色、光的吸收和光致发光、电致发光、机械发光等内容。
333    @a高等学校化学、材料科学、物理学和分子生物学等有关专业师生
510 1  @aMolecular-based materials@eopto-electronic functional compounds@zeng
606 0  @a光电材料@x功能材料
606 0  @a光电材料
606 0  @a功能材料
690    @aTN204@v5
701  0 @a游效曾@9you xiao zeng@4著
801  0 @aCN@b人天书店@c20140822
905    @b985114-16@dTN204@e97=2@f3
    
    分子材料:光电功能化合物/游效曾著.-2版.-北京:科学出版社,2014.07
    612页;26cm
    中国科学院科学出版基金资助出版.-使用对象:高等学校化学、材料科学、物理学和分子生物学等有关专业师生
    
    ISBN 978-7-03-041234-8:CNY180.00
    本书着重从合成化学,凝聚态物理、材料和分子生物学科相互渗透的观点,结合我们的科研和教学基础,深入浅出地对当前高新技术的光、电、磁、热等物理功能的分子材料,分章进行介绍,其中包括分子材料的物理方法、分子光电材料的制备、分子导体、分子磁体、介电性和介磁性;非线性光学、热致变色、电致变色、光致变色、光的吸收和光致发光、电致发光、机械发光等内容。
●
相关链接 在E读中查询图书 在五车中查询图书 在当当中查询图书 在豆瓣中查询图书


正题名:分子材料     索取号:TN204/97=2         预约/预借

序号 登录号 条形码 馆藏地/架位号 状态 备注
1 985114   209851141   第二样本阅览室/ [索取号:TN204/97=2] 在馆    
2 985115   209851150   第三借阅区/ [索取号:TN204/97=2] 在馆    
3 985116   209851169   密集书库-化学系/ [索取号:TN204/97=2] 在馆    
唐山师范学院图书馆 欢迎您!
大连网信软件有限公司© 版权所有